| 000 | 00875nam a2200253Ia 4500 | ||
|---|---|---|---|
| 003 | OSt | ||
| 005 | 20220923211033.0 | ||
| 006 | a|||||r|||| 00| 0 | ||
| 007 | ta | ||
| 008 | Pun | ||
| 020 |
_a8171429009 (hbk) _c150 |
||
| 024 | _a281,341 | ||
| 037 |
_b901, 25/07/2014, Bright Book Service _cTextual |
||
| 040 |
_aARTS _cARTS _bPun |
||
| 041 |
_2Pun _aPun |
||
| 082 | _aQ8441:21:g, P9 | ||
| 100 |
_aਧਾਲੀਵਾਲ, ਸੁਰਜੀਤ ਸਿੰਘ _9157414 |
||
| 245 | 0 | _aਸ੍ਰੀ ਗੁਰੂ ਗ੍ਰੰਥ ਸਾਹਿਬ ਭਗਤੀ ਅਤੇ ਸਰੂਪ | |
| 260 |
_aਚੰਡੀਗੜ _b ਲੋਕਗੀਤ _c2009 |
||
| 300 |
_a103ਪੰ _ccm. |
||
| 650 |
_aਧਰਮ _9157415 |
||
| 942 |
_hQ8441:21:g, P9 _cTEXL _2CC |
||
| 999 |
_c294306 _d294306 |
||